Washington A to Z - Statistics

General Stats
  • This quiz has been taken 14 times
  • The average score is 11 of 26
Answer Stats
Letter Hint Answer % Correct
A The crisp cash crop of the Columbia Valley Apple
91%
E Headquarters of Boeing, home to world's largest building Everett
73%
M Ash from this volcano reached Oklahoma Mt. Saint Helens
73%
N Foo Fighter's Dave Grohl started in this (admittedly more popular) band Nirvana
73%
F Gary Larson started this absurdist comic while at WSU The Far Side
73%
G Washington's richest man Bill Gates
64%
I Unlike many states, Washington's government does not collect these Income taxes
64%
J Roughly 1 percent of Washingtonians claim ancestry from this country Japan
64%
W A town so nice they named it twice Walla Walla
55%
K Seattle's long-awaited hockey team Kraken
45%
O The Puget Sound population of this cetacean is on the brink of extinction Orca
45%
R The last Republican presidential candidate to win the state Reagan
45%
T Frank Herbert, author of "Dune", was born in this town Tacoma
45%
L Spokane has a festival devoted to this aromatic flowering tree Lilac
36%
S Four dams on this river prevent salmon from reaching Idaho Snake
36%
U Nearly one in five workers belong to one of these, among the highest in America Unions
36%
Y One of the larger towns east of the Cascades Yakima
36%
C Canyon-like landform, one is famous for its dam Coullee
27%
Z This retail business, aimed at skaters and snowboarders, started in Seattle Zumiez
27%
P This newly-designated Olympic sport began on Brainbridge Island Pickle Ball
18%
X X is the Roman numeral for 10. What movie with 10 in the title takes place in Seattle? 10 Things I Hate about You
9%
D A downer of a location named by Lewis and Clark at the oceanic midpoint of their 1804 journey Cape Disappointment
9%
Q Taholah and Queets are towns on this coastal Indian reservation Quinault
9%
B This widely televised conflict put globalism under scrutiny in 1999 Battle of Seattle
0%
H A nuclear laboratory (and source of radioactive pollution) in central WA Hanford
0%
V Best selling instrumental rock band ever, from Tacoma The Ventures
0%
No matching quizzes found
Score Distribution
Percent of People with Each Score
Percentile by Number Answered
Your Score History
You have not taken this quiz